[Event "Amagermesterskabet 2015"]
[Site "Sundbyoster"]
[Date "2015.08.18"]
[Round "1"]
[White "Dupont, Michael Kim"]
[Black "Sorensen, Ole"]
[Result "0-1"]
[WhiteElo "1215"]
[BlackElo "1612"]
[PlyCount "56"]
[EventDate "2015.??.??"]

1. e4 e6 2. d4 d5 3. exd5 exd5 4. Nf3 Nf6 5. Bf4 Be7 6. Nbd2 O-O 7. Bd3 Bg4 8.
O-O Nc6 9. c3 Re8 10. Qc2 Bxf3 11. Nxf3 Bd6 12. Bg5 h6 13. Bh4 Be7 14. Rae1 Nh5
15. Bg3 Nxg3 16. fxg3 Qd6 17. Nd2 Bf6 18. b4 Nxb4 19. cxb4 Bxd4+ 20. Kh1 Qxb4
21. Nf3 Bb6 22. Ne5 Re7 23. Nf3 Rae8 24. Rxe7 Rxe7 25. h3 Qd6 26. Nh4 Qb4 27.
Bh7+ Kh8 28. Nf5 Re1 0-1

[Event "Amagermesterskabet 2015"]
[Site "Sundbyoster"]
[Date "2015.08.18"]
[Round "1"]
[White "Gade, Jens"]
[Black "Petersen, Christian Skibsted"]
[Result "0-1"]
[WhiteElo "1390"]
[BlackElo "1728"]
[PlyCount "56"]
[EventDate "2015.??.??"]

1. f4 d5 2. Nf3 c5 3. e3 g6 4. Be2 Bg7 5. O-O Nf6 6. Kh1 O-O 7. h3 b6 8. Ne5
Nfd7 9. d4 f6 10. Nf3 Bb7 11. Nc3 Na6 12. b3 Nc7 13. Bb2 e5 14. dxe5 fxe5 15.
Nb5 e4 16. Ne5 Nxe5 17. fxe5 Nxb5 18. Bxb5 Qg5 19. Qe2 Bxe5 20. Bxe5 Qxe5 21.
c4 a6 22. Bd7 d4 23. exd4 cxd4 24. Kg1 Kg7 25. Rad1 Rad8 26. Ba4 Rxf1+ 27. Kxf1
d3 28. Qe3 b5 0-1

[Event "Amagermesterskabet 2015"]
[Site "Sundbyoster"]
[Date "2015.08.18"]
[Round "1"]
[White "Hellegaard, Dennis"]
[Black "Kibenich, Mikael"]
[Result "1-0"]
[WhiteElo "1859"]
[BlackElo "1461"]
[PlyCount "71"]
[EventDate "2015.??.??"]

1. d4 d5 2. c4 e6 3. Nf3 Nf6 4. e3 Be7 5. b3 O-O 6. Bd3 c6 7. O-O Nbd7 8. Qc2
Qc7 9. Bb2 Re8 10. Nbd2 Nf8 11. e4 dxe4 12. Nxe4 Rd8 13. Rad1 Ng6 14. Rfe1 Nf4
15. Bf1 Nxe4 16. Qxe4 Bf6 17. Ne5 Ng6 18. Bd3 b6 19. h4 Bb7 20. Nxg6 hxg6 21.
h5 c5 22. Qg4 gxh5 23. Qxh5 Rxd4 24. Bxd4 Bxd4 25. Be4 Rd8 26. Qf3 Bc8 27. Rd3
Kf8 28. Qh5 Qf4 29. Rf3 Qc7 30. g4 e5 31. Bd5 Rd7 32. Qh8+ Ke7 33. Qxg7 Ke8 34.
Qg8+ Ke7 35. Qxf7+ Kd6 36. Qe6# 1-0

[Event "Amagermesterskabet 2015"]
[Site "Sundbyoster"]
[Date "2015.08.18"]
[Round "1"]
[White "Kinch, Peder"]
[Black "Tolba, Henri"]
[Result "0-1"]
[WhiteElo "1316"]
[BlackElo "1633"]
[PlyCount "104"]
[EventDate "2015.??.??"]

1. f4 d5 2. Nf3 Nf6 3. e3 Bg4 4. Be2 Nc6 5. b3 g6 6. Bb2 Bg7 7. O-O h5 8. h3
Bf5 9. c4 dxc4 10. Bxc4 Bd3 11. Bxd3 Qxd3 12. Nc3 O-O 13. Ne2 Ne4 14. Bxg7 Kxg7
15. Rc1 Rad8 16. Rc2 Rd7 17. Nc1 Qd5 18. d4 Nb4 19. Rb2 f6 20. Nd3 Nxd3 21.
Qxd3 Rd6 22. Rc1 c6 23. Rbc2 Re6 24. Qc4 Qxc4 25. bxc4 Ng3 26. Re1 Rd8 27. Rc3
b6 28. a4 Ne4 29. Rb3 Nd6 30. Rc1 Nf5 31. Kf2 Nd6 32. c5 bxc5 33. dxc5 Ne4+ 34.
Ke2 Rd5 35. Rb4 Nxc5 36. Rbc4 Nb3 37. R4c3 Na5 38. Nd4 Red6 39. Rc5 Kf7 40.
Rxd5 cxd5 41. Nb5 Rd7 42. Rc7 Rxc7 43. Nxc7 e6 44. Kd3 Nc6 45. e4 dxe4+ 46.
Kxe4 Ke7 47. g4 h4 48. f5 gxf5+ 49. gxf5 e5 50. Nd5+ Kf7 51. Kf3 Ne7 52. Kg4
Nxd5 0-1

[Event "Amagermesterskabet 2015"]
[Site "Sundbyoster"]
[Date "2015.08.18"]
[Round "1"]
[White "Haagen Larsen, Hans"]
[Black "Brorsen, Kristian"]
[Result "1-0"]
[WhiteElo "1606"]
[BlackElo "1189"]
[PlyCount "63"]
[EventDate "2015.??.??"]

1. d4 d5 2. Bf4 e6 3. Nf3 Bd6 4. Ne5 Qf6 5. e3 Nd7 6. Nd3 Bxf4 7. Nxf4 Nb6 8.
c3 Bd7 9. a4 a5 10. Bb5 Bxb5 11. axb5 Ne7 12. O-O Nc4 13. b3 Nd6 14. Na3 Ng6
15. Nd3 b6 16. c4 O-O 17. c5 Nb7 18. Rc1 Qe7 19. Rc3 Rfe8 20. f4 Nh4 21. Qc2
Nf5 22. Ne5 Rac8 23. Nc6 Qf6 24. Qd3 Nd8 25. Ne5 h5 26. cxb6 Re7 27. Rfc1 Nb7
28. bxc7 Nfd6 29. b6 Ne4 30. R3c2 h4 31. Nb5 Qf5 32. Na7 1-0

[Event "Amagermesterskabet 2015"]
[Site "Sundbyoster"]
[Date "2015.08.18"]
[Round "1"]
[White "Larsen, Ulrik Jejlskov"]
[Black "Giessing, Klaus Grenaa"]
[Result "1/2-1/2"]
[WhiteElo "1531"]
[BlackElo "1000"]
[PlyCount "53"]
[EventDate "2015.??.??"]

1. d4 Nf6 2. e3 e6 3. Bd3 d5 4. Nf3 Bd6 5. Nbd2 c6 6. Qe2 h6 7. O-O Qc7 8. e4
dxe4 9. Nxe4 Nbd7 10. Nxd6+ Qxd6 11. Ne5 Qxd4 12. Nxd7 Bxd7 13. Be3 Qd6 14. b4
b5 15. Bc5 Qc7 16. a4 Rb8 17. Rfe1 a6 18. axb5 axb5 19. Qe5 Qxe5 20. Rxe5 Bc8
21. h3 Nd7 22. Bd6 Nxe5 23. Bxb8 Nxd3 24. cxd3 O-O 25. d4 Rd8 26. Ba7 Rd5 27.
Rc1 1/2-1/2

[Event "Amagermesterskabet 2015"]
[Site "Sundbyoster"]
[Date "2015.08.18"]
[Round "1"]
[White "Lontoft, Sven"]
[Black "Kjemtrup, Niels Moller"]
[Result "1-0"]
[WhiteElo "1619"]
[BlackElo "1286"]
[PlyCount "91"]
[EventDate "2015.??.??"]

1. c4 Nf6 2. Nc3 g6 3. g3 Bg7 4. Bg2 c6 5. d4 d5 6. cxd5 cxd5 7. Bf4 Nc6 8. Nf3
Ne4 9. O-O O-O 10. e3 b6 11. Nxe4 dxe4 12. Ng5 e5 13. Bxe4 exf4 14. Bxc6 Qxg5
15. Bxa8 fxe3 16. f4 Qb5 17. Bf3 Qxb2 18. Qe2 Bxd4 19. Rad1 Re8 20. Kg2 Bb7 21.
Qxb2 Bxf3+ 22. Kxf3 Bxb2 23. Rfe1 Ba3 24. Rxe3 Rxe3+ 25. Kxe3 Bc5+ 26. Ke4 Kg7
27. Ke5 a5 28. Kd5 Kf6 29. Ke4 a4 30. g4 g5 31. f5 b5 32. Rd5 Bg1 33. Rxb5 Bxh2
34. Ra5 h5 35. gxh5 Kg7 36. Rxa4 g4 37. Rc4 Kh6 38. a4 Kxh5 39. a5 Kh4 40. a6
Bg1 41. Rc1 Bb6 42. Kf4 Kh3 43. Rc3+ Kh4 44. Rc6 Bc7+ 45. Rxc7 g3 46. Rxf7 1-0

[Event "Amagermesterskabet 2015"]
[Site "Sundbyoster"]
[Date "2015.08.18"]
[Round "1"]
[White "Madsen, Michael Leerberg"]
[Black "Hansen, Benny"]
[Result "1-0"]
[WhiteElo "1652"]
[BlackElo "1317"]
[PlyCount "67"]
[EventDate "2015.??.??"]

1. e4 c5 2. Nc3 d6 3. f4 Nc6 4. Nf3 Nf6 5. Bb5 Bd7 6. O-O g6 7. d3 Bg7 8. Qe1
O-O 9. Qh4 e6 10. f5 exf5 11. Bh6 Nh5 12. Bxg7 Qxh4 13. Nxh4 Kxg7 14. exf5 g5
15. Nf3 h6 16. Ne4 a6 17. Bc4 Ne5 18. Nxe5 dxe5 19. Nxc5 Bc6 20. Ne4 Nf6 21.
Nd2 Rfe8 22. a4 Rad8 23. Bb3 e4 24. Nxe4 Nxe4 25. dxe4 Rxe4 26. Rfe1 Rd2 27. g3
Rxe1+ 28. Rxe1 Rg2+ 29. Kf1 Rxh2 30. Re7 Rh1+ 31. Kf2 Kf8 32. Rxf7+ Ke8 33. f6
Bxa4 34. Re7+ 1-0

[Event "Amagermesterskabet 2015"]
[Site "Sundbyoster"]
[Date "2015.08.18"]
[Round "1"]
[White "Moller, Arne Vagn"]
[Black "Pedersen, Ole"]
[Result "1/2-1/2"]
[WhiteElo "1738"]
[BlackElo "1439"]
[PlyCount "91"]
[EventDate "2015.??.??"]

1. e4 c5 2. Nf3 g6 3. d3 Nc6 4. Be2 Bg7 5. O-O d6 6. c4 Nf6 7. Nc3 O-O 8. a3 a6
9. Rb1 b6 10. b4 Bg4 11. Bd2 Qd7 12. Ne1 Nd4 13. Bxg4 Nxg4 14. h3 Nf6 15. Nc2
e5 16. Ne3 Rab8 17. Ned5 Nxd5 18. Nxd5 b5 19. f4 f5 20. Qe1 Rbe8 21. fxe5 Bxe5
22. Bh6 Rf7 23. Qd2 Qd8 24. Bg5 Qd7 25. exf5 Rxf5 26. Rxf5 Nxf5 27. Nf6+ Bxf6
28. Bxf6 Qe6 29. Bb2 Qe3+ 30. Qxe3 Rxe3 31. Rd1 Re2 32. Bc1 Ne3 33. Bxe3 Rxe3
34. Kf2 Re5 35. d4 Rf5+ 36. Ke3 bxc4 37. g4 Rd5 38. bxc5 dxc5 39. Ke4 Rd8 40.
d5 Kf7 41. g5 Re8+ 42. Kf4 Ke7 43. Ke5 Kd7+ 44. Kf6 Kd6 45. Kg7 Re7+ 46. Kf6
1/2-1/2

[Event "Amagermesterskabet 2015"]
[Site "Sundbyoster"]
[Date "2015.08.18"]
[Round "1"]
[White "Nielsen, Bjorn"]
[Black "Haugaard, Thomas"]
[Result "0-1"]
[WhiteElo "1105"]
[BlackElo "1557"]
[PlyCount "108"]
[EventDate "2015.??.??"]

1. e4 c6 2. Nc3 d5 3. d3 d4 4. Nb1 e5 5. Nf3 Nd7 6. Be2 Bd6 7. O-O Ne7 8. Re1
O-O 9. Nbd2 b5 10. Nf1 f5 11. exf5 Nxf5 12. h3 c5 13. Bg5 Nf6 14. N3h2 h6 15.
Bd2 Bb7 16. Bf3 Bxf3 17. Nxf3 Nd7 18. N1h2 Nf6 19. Nxe5 Qc7 20. Nhf3 Rfe8 21.
Bf4 Re6 22. Re2 Rae8 23. Qe1 Nd7 24. Re4 Nxe5 25. Nxe5 Bxe5 26. g3 Qe7 27. f3
Bxf4 28. Rxe6 Qxe6 29. Qxe6+ Rxe6 30. gxf4 Ne3 31. Re1 Rg6+ 32. Kh1 Rg3 33. c3
Rxh3+ 34. Kg1 Rxf3 35. cxd4 cxd4 36. Rc1 Rf1+ 37. Rxf1 Nxf1 38. Kxf1 Kf7 39.
Kf2 Kf6 40. b4 Kf5 41. Kg3 g6 42. a3 h5 43. Kf3 h4 44. Ke2 Kxf4 45. Kf2 g5 46.
Kg2 g4 47. Kf2 h3 48. Kg1 g3 49. Kh1 Kf3 50. Kg1 h2+ 51. Kh1 Kf2 52. a4 g2+ 53.
Kxh2 g1=Q+ 54. Kh3 Qg3# 0-1

[Event "Amagermesterskabet 2015"]
[Site "Sundbyoster"]
[Date "2015.08.18"]
[Round "1"]
[White "Petersen, Nils"]
[Black "Andersen, Peter"]
[Result "1-0"]
[WhiteElo "1906"]
[BlackElo "1471"]
[PlyCount "35"]
[EventDate "2015.??.??"]

1. c4 Nf6 2. g3 g6 3. Bg2 Bg7 4. Nc3 c6 5. e4 d6 6. Nge2 e5 7. O-O O-O 8. d3
Bg4 9. f3 Be6 10. Be3 Nbd7 11. Qd2 d5 12. cxd5 cxd5 13. d4 exd4 14. Nxd4 Qe7
15. Nxe6 fxe6 16. exd5 exd5 17. Nxd5 Qe6 18. Nc7 1-0

[Event "Amagermesterskabet 2015"]
[Site "Sundbyoster"]
[Date "2015.08.18"]
[Round "1"]
[White "Rasmussen, Erik Elmer"]
[Black "Goschal, Theodor Bogdan"]
[Result "1-0"]
[WhiteElo "1066"]
[BlackElo "1095"]
[PlyCount "75"]
[EventDate "2015.??.??"]

1. e4 c5 2. Nf3 d6 3. Bc4 e6 4. Nc3 Nc6 5. d4 cxd4 6. Nxd4 Nxd4 7. Qxd4 Nf6 8.
Bg5 Be7 9. O-O-O O-O 10. f3 e5 11. Qd2 Ne8 12. Bxe7 Qxe7 13. Nd5 Qd8 14. g4 Kh8
15. h4 f6 16. Rdg1 Nc7 17. h5 Nxd5 18. Bxd5 Rb8 19. Qe3 a6 20. b3 Qe7 21. Kb2
Be6 22. Rd1 Bxd5 23. Rxd5 b5 24. Rc1 Ra8 25. c4 b4 26. Qb6 a5 27. Qxd6 Qxd6 28.
Rxd6 Rfd8 29. Rcd1 Rxd6 30. Rxd6 h6 31. c5 a4 32. c6 a3+ 33. Kc2 Rc8 34. Kd3
Kh7 35. Kc4 Rb8 36. c7 Rc8 37. Rd7 Kg8 38. Rd8+ 1-0

[Event "Amagermesterskabet 2015"]
[Site "Sundbyoster"]
[Date "2015.08.18"]
[Round "1"]
[White "Rasmussen, Hans Glavind"]
[Black "Lunding, Peter M"]
[Result "0-1"]
[WhiteElo "1471"]
[BlackElo "1876"]
[PlyCount "66"]
[EventDate "2015.??.??"]

1. d4 d5 2. c4 e6 3. Nc3 Nf6 4. Nf3 c6 5. e3 Bd6 6. Bd3 Nbd7 7. Qc2 O-O 8. e4
dxe4 9. Nxe4 Nxe4 10. Bxe4 f5 11. Bd3 c5 12. Be3 cxd4 13. Nxd4 Ne5 14. O-O-O
Nxd3+ 15. Rxd3 Qe7 16. f4 a6 17. Rhd1 Bc7 18. h3 Rd8 19. g4 g6 20. Nf3 Bd7 21.
g5 Bc6 22. Rxd8+ Rxd8 23. Ne5 Be8 24. Bd4 Rd6 25. Qc3 Qd8 26. Nf3 Bc6 27. Ne5
Be4 28. c5 Rd5 29. c6 bxc6 30. Qxc6 Bxe5 31. fxe5 Qxg5+ 32. Rd2 Qxd2+ 33. Kxd2
Rxd4+ 0-1

[Event "Amagermesterskabet 2015"]
[Site "Sundbyoster"]
[Date "2015.08.18"]
[Round "1"]
[White "Skovgaard, Ib"]
[Black "Nielsen, Angelo"]
[Result "1-0"]
[WhiteElo "1978"]
[BlackElo "1495"]
[PlyCount "47"]
[EventDate "2015.??.??"]

1. e4 d6 2. Nf3 Nf6 3. Nc3 g6 4. Bc4 c6 5. O-O b5 6. Bb3 Nbd7 7. d4 Nb6 8. Re1
Nc4 9. a4 Qb6 10. axb5 cxb5 11. Nxb5 Na5 12. Ba4 Bd7 13. Nxd6+ exd6 14. e5 Nd5
15. exd6+ Kd8 16. Bxd7 Bxd6 17. Ne5 Kc7 18. Bd2 Bb4 19. c3 Bd6 20. b4 Bxe5 21.
Rxe5 Nc4 22. Rxd5 Nxd2 23. Qxd2 Qf6 24. Qc2 1-0

[Event "Amagermesterskabet 2015"]
[Site "Sundbyoster"]
[Date "2015.08.18"]
[Round "1"]
[White "Sorensen, Johnny"]
[Black "Pedersen, Kim Michael"]
[Result "0-1"]
[WhiteElo "1318"]
[BlackElo "1695"]
[PlyCount "52"]
[EventDate "2015.??.??"]

1. d4 d5 2. c4 e5 3. Nc3 Bb4 4. e3 exd4 5. Qxd4 Nf6 6. a3 Nc6 7. Qd1 Bxc3+ 8.
bxc3 O-O 9. Nf3 Bg4 10. Be2 Qd6 11. h3 Bh5 12. g4 Bg6 13. g5 Ne4 14. Bb2 Rad8
15. Rg1 f5 16. Qxd5+ Qxd5 17. cxd5 Na5 18. Rd1 f4 19. Ne5 fxe3 20. fxe3 Nf2 21.
Rd4 Nb3 22. Rh4 Rde8 23. c4 Nc5 24. Bd4 Ncd3+ 25. Nxd3 Nxd3+ 26. Bxd3 Bxd3 0-1

[Event "Amagermesterskabet 2015"]
[Site "Sundbyoster"]
[Date "2015.08.18"]
[Round "1"]
[White "Svensson, John Michael"]
[Black "Frank Nielsen, Marie"]
[Result "0-1"]
[WhiteElo "1477"]
[BlackElo "1926"]
[PlyCount "50"]
[EventDate "2015.??.??"]

1. d4 Nf6 2. Nf3 g6 3. Nc3 Bg7 4. e4 d6 5. Bd3 Nc6 6. Be3 Ng4 7. Bc4 Nxe3 8.
fxe3 O-O 9. Qd2 Na5 10. Bd3 b6 11. O-O e5 12. Qf2 c5 13. d5 a6 14. a3 c4 15.
Be2 b5 16. Nd2 f5 17. b4 Nb7 18. Bf3 f4 19. Rae1 g5 20. exf4 exf4 21. Ncb1 g4
22. Bd1 Qg5 23. g3 f3 24. Qe3 Qxe3+ 25. Rxe3 Bd4 0-1

[Event "Amagermesterskabet 2015"]
[Site "Sundbyoster"]
[Date "2015.08.18"]
[Round "1"]
[White "Tronning, Mark Philip"]
[Black "Varming, Thomas"]
[Result "0-1"]
[WhiteElo "1456"]
[BlackElo "1853"]
[PlyCount "36"]
[EventDate "2015.??.??"]

1. e4 c6 2. Nc3 d5 3. d4 dxe4 4. Nxe4 Nf6 5. Nxf6+ gxf6 6. b3 Bf5 7. Bb2 e6 8.
a3 Nd7 9. Be2 Qc7 10. g4 Bg6 11. h4 h6 12. h5 Bh7 13. Qd2 O-O-O 14. Bd3 Bxd3
15. Qxd3 Rg8 16. Qh7 Bg7 17. Ne2 f5 18. gxf5 Nf6 0-1

[Event "Amagermesterskabet 2015"]
[Site "Sundbyoster"]
[Date "2015.08.25"]
[Round "2"]
[White "Brorsen, Kristian"]
[Black "Tronning, Mark Philip"]
[Result "0-1"]
[WhiteElo "1189"]
[BlackElo "1456"]
[PlyCount "36"]
[EventDate "2015.??.??"]

1. d4 d5 2. Nf3 Bf5 3. Bf4 Nd7 4. Nc3 Ngf6 5. e3 e6 6. Bd3 Bxd3 7. Qxd3 Bb4 8.
O-O Bxc3 9. Qxc3 Rc8 10. Qb4 b6 11. b3 a5 12. Qb5 O-O 13. Rae1 c6 14. Qd3 Ne4
15. c4 Ndf6 16. Ne5 Nd7 17. f3 Nxe5 18. fxe4 Nxd3 0-1

[Event "Amagermesterskabet 2015"]
[Site "Sundbyoster"]
[Date "2015.08.25"]
[Round "2"]
[White "Dupont, Michael Kim"]
[Black "Rasmussen, Hans Glavind"]
[Result "0-1"]
[WhiteElo "1215"]
[BlackElo "1471"]
[PlyCount "78"]
[EventDate "2015.??.??"]

1. e4 e6 2. d4 d5 3. exd5 exd5 4. Nf3 Nf6 5. Bf4 Be7 6. Bd3 Bg4 7. Nbd2 Nbd7 8.
c3 O-O 9. Qc2 c5 10. O-O c4 11. Bf5 Bxf5 12. Qxf5 Re8 13. Rfe1 g6 14. Qc2 Nh5
15. Bh6 Ndf6 16. h3 Qd6 17. Ne5 Bf8 18. Bxf8 Kxf8 19. Re3 b5 20. Rae1 Nf4 21.
Ndf3 Ne4 22. b3 f6 23. Ng4 Nd3 24. R1e2 h5 25. Ngh2 Rab8 26. Nd2 Nxd2 27. Rxe8+
Rxe8 28. Rxe8+ Kxe8 29. Qxd2 Qf4 30. Qxf4 Nxf4 31. Kf1 Nd3 32. Nf3 a5 33. bxc4
bxc4 34. Ne1 Nf4 35. Nc2 Ke7 36. f3 Ke6 37. a4 Nd3 38. Na1 Nb2 39. Nb3 cxb3 0-1

[Event "Amagermesterskabet 2015"]
[Site "Sundbyoster"]
[Date "2015.08.25"]
[Round "2"]
[White "Giessing, Klaus Grenaa"]
[Black "Kibenich, Mikael"]
[Result "1-0"]
[WhiteElo "1000"]
[BlackElo "1461"]
[PlyCount "43"]
[EventDate "2015.??.??"]

1. Nf3 d5 2. d4 c5 3. g3 Nc6 4. Bg2 Bg4 5. dxc5 e6 6. Be3 Nf6 7. a3 Bxf3 8.
Bxf3 Nd7 9. b4 a5 10. b5 Nce5 11. Bxd5 exd5 12. Qxd5 Rc8 13. Bd4 Rxc5 14. Bxc5
Bxc5 15. Qxb7 O-O 16. O-O Nf6 17. Ra2 Qd6 18. a4 Nd5 19. Rd1 Rd8 20. e4 Qf6 21.
c4 Qxf2+ 22. Rxf2 1-0

[Event "Amagermesterskabet 2015"]
[Site "Sundbyoster"]
[Date "2015.08.25"]
[Round "2"]
[White "Goschal, Theodor Bogdan"]
[Black "Moller, Arne Vagn"]
[Result "0-1"]
[WhiteElo "1095"]
[BlackElo "1738"]
[PlyCount "62"]
[EventDate "2015.??.??"]

1. Nf3 Nf6 2. g3 c6 3. Bg2 g6 4. O-O Bg7 5. d4 O-O 6. Nbd2 d5 7. c3 Nbd7 8. Re1
e6 9. e4 dxe4 10. Nxe4 Nxe4 11. Rxe4 Nf6 12. Re1 Nd7 13. Bg5 f6 14. Be3 Nb6 15.
Qc1 Nc4 16. b3 Nxe3 17. fxe3 Bd7 18. e4 e5 19. dxe5 fxe5 20. c4 Bg4 21. Rf1 Qe7
22. Qc3 Rad8 23. Rad1 Qc5+ 24. Kh1 Bxf3 25. Rxf3 Rxd1+ 26. Rf1 Rdxf1+ 27. Bxf1
Rxf1+ 28. Kg2 Qf2+ 29. Kh3 Rh1 30. Qd3 Qxh2+ 31. Kg4 Qh5# 0-1

[Event "Amagermesterskabet 2015"]
[Site "Sundbyoster"]
[Date "2015.08.25"]
[Round "2"]
[White "Hansen, Benny"]
[Black "Nielsen, Angelo"]
[Result "1-0"]
[WhiteElo "1317"]
[BlackElo "1495"]
[PlyCount "145"]
[EventDate "2015.??.??"]

1. e4 d6 2. Nf3 g6 3. d4 Bg7 4. Be2 Nf6 5. Nc3 O-O 6. Bf4 Nbd7 7. h3 c5 8. dxc5
Nxc5 9. Nd2 Ne6 10. Bg3 Qb6 11. Nb3 a5 12. a4 Qb4 13. O-O Nxe4 14. Nd5 Nc3 15.
Nxb4 Nxd1 16. Nd5 Nxb2 17. Nxe7+ Kh8 18. Ra2 Re8 19. Nd5 Rd8 20. c3 Nc5 21.
Rxb2 Be6 22. Nxc5 Bxd5 23. Nd3 Rac8 24. Bf3 Rxc3 25. Bxd5 Rxd3 26. Rb5 b6 27.
Bxf7 Bd4 28. Rd5 Kg7 29. Be6 Kf6 30. Re1 Rxg3 31. Rxd4 Rg5 32. Bc4 d5 33. Rf4+
Rf5 34. Rxf5+ gxf5 35. Bb5 Rd6 36. f4 d4 37. Bd3 Rd5 38. Bc4 Rd6 39. Rd1 Ke7
40. Kf2 Kd7 41. Ke2 Kc6 42. Rc1 Kc5 43. Bb5+ Kb4 44. Kd3 Re6 45. Rc4+ Kb3 46.
Rxd4 Re1 47. Kd2 Rg1 48. Bc6 Rf1 49. Ke2 Rc1 50. Bb5 Rc2+ 51. Rd2 Rc7 52. Rd5
Rc2+ 53. Rd2 Rc7 54. Kf3 Rc3+ 55. Rd3 Rxd3+ 56. Bxd3 Kxa4 57. Bxf5 Kb4 58. Be6
a4 59. f5 Kc5 60. Ke4 Kd6 61. Kd4 b5 62. Kc3 Kc5 63. Kb2 b4 64. g4 Kd6 65. h4
Ke7 66. Bg8 h6 67. g5 Kf8 68. Be6 Kg7 69. f6+ Kh7 70. Bf5+ Kh8 71. g6 a3+ 72.
Ka2 Kg8 73. g7 1-0

[Event "Amagermesterskabet 2015"]
[Site "Sundbyoster"]
[Date "2015.08.25"]
[Round "2"]
[White "Kinch, Peder"]
[Black "Svensson, John Michael"]
[Result "0-1"]
[WhiteElo "1316"]
[BlackElo "1477"]
[PlyCount "72"]
[EventDate "2015.??.??"]

1. f4 b6 2. Nf3 Bb7 3. e3 Nf6 4. c4 e6 5. b3 Nc6 6. Bb2 Be7 7. Nc3 a5 8. Rc1
O-O 9. Be2 Nb4 10. O-O Rc8 11. a3 Na6 12. Ne5 Nc5 13. Bf3 Bxf3 14. Rxf3 c6 15.
Qc2 d6 16. Nd3 Nce4 17. Nf2 Nxf2 18. Kxf2 d5 19. d3 d4 20. Ne4 dxe3+ 21. Ke2
Nxe4 22. dxe4 Bf6 23. e5 Be7 24. Rd1 Qc7 25. f5 Rcd8 26. f6 Rxd1 27. Qxd1 Rd8
28. Qb1 Bc5 29. Rh3 g6 30. Qe4 Rd2+ 31. Kf3 Rxb2 32. Qh4 h5 33. Qg5 Rf2+ 34.
Ke4 e2 35. Qh6 e1=Q+ 36. Kd3 Qd7# 0-1

[Event "Amagermesterskabet 2015"]
[Site "Sundbyoster"]
[Date "2015.08.25"]
[Round "2"]
[White "Kjemtrup, Niels Moller"]
[Black "Andersen, Peter"]
[Result "1-0"]
[WhiteElo "1286"]
[BlackElo "1471"]
[PlyCount "65"]
[EventDate "2015.??.??"]

1. Nf3 Nf6 2. g3 g6 3. Nc3 Bg7 4. d4 O-O 5. b3 d5 6. Ba3 c6 7. Bg2 Nbd7 8. Qd2
b5 9. e4 Nb6 10. e5 Nfd7 11. O-O-O a5 12. Ne2 b4 13. Bb2 e6 14. h4 h5 15. g4
hxg4 16. Ng5 Bh6 17. f4 gxf3 18. Bxf3 Kg7 19. Rdg1 Ba6 20. h5 Qe7 21. hxg6 Rh8
22. Rh5 fxg6 23. Rhh1 Bxe2 24. Rxh6 Rxh6 25. Bxe2 Rah8 26. Bf3 c5 27. dxc5 Nxc5
28. Bd4 Nbd7 29. Qe3 Rc8 30. Bxd5 Nf8 31. Bc4 Nh7 32. Bxc5 Qe8 33. Nxe6+ 1-0

[Event "Amagermesterskabet 2015"]
[Site "Sundbyoster"]
[Date "2015.08.25"]
[Round "2"]
[White "Lontoft, Sven"]
[Black "Petersen, Nils"]
[Result "0-1"]
[WhiteElo "1619"]
[BlackElo "1906"]
[PlyCount "78"]
[EventDate "2015.??.??"]

1. e4 c5 2. Nf3 e6 3. d4 cxd4 4. Nxd4 Nc6 5. Nc3 a6 6. Be2 Qc7 7. f4 b5 8. Bf3
Bb7 9. Be3 d6 10. O-O Nxd4 11. Bxd4 Ne7 12. Qd2 Nc6 13. Be3 Be7 14. Rad1 O-O
15. Qf2 Rac8 16. Rd2 Qb8 17. Ne2 Qa8 18. c3 Na5 19. e5 dxe5 20. Rd7 Bxf3 21.
Qxf3 Qxf3 22. Rxf3 exf4 23. Bd4 Nc6 24. Nxf4 Nxd4 25. cxd4 Bg5 26. Nd3 Rcd8 27.
Ne5 Rxd7 28. Nxd7 Rd8 29. Ne5 Bf6 30. Rc3 h6 31. Rc7 Bxe5 32. dxe5 Rd1+ 33. Kf2
Rd2+ 34. Kf3 Rxb2 35. h4 g6 36. g4 Rxa2 37. Kf4 Ra4+ 38. Kf3 b4 39. Rc4 a5 0-1

[Event "Amagermesterskabet 2015"]
[Site "Sundbyoster"]
[Date "2015.08.25"]
[Round "2"]
[White "Madsen, Michael Leerberg"]
[Black "Skovgaard, Ib"]
[Result "0-1"]
[WhiteElo "1652"]
[BlackElo "1978"]
[PlyCount "86"]
[EventDate "2015.??.??"]

1. e4 Nf6 2. e5 Nd5 3. d4 d6 4. c4 Nb6 5. f4 dxe5 6. fxe5 Nc6 7. Be3 Bf5 8. Nf3
Nb4 9. Na3 e6 10. Be2 c5 11. dxc5 Qxd1+ 12. Rxd1 Na4 13. Nd4 Bxc5 14. Nxf5 exf5
15. Bxc5 Nxc5 16. Nb5 O-O 17. a3 Nc6 18. Rd5 Ne6 19. O-O g6 20. Nd6 Rab8 21. b4
Rfd8 22. c5 Nc7 23. Rd3 Nxe5 24. Re3 f6 25. g4 f4 26. Re4 Ne6 27. Bd1 Kg7 28.
h4 b6 29. g5 bxc5 30. gxf6+ Kxf6 31. bxc5 Nd3 32. Bg4 Ndxc5 33. Rb4 Rxb4 34.
axb4 Nd3 35. Nb7 Rb8 36. Nd6 Rxb4 37. Rd1 Nec5 38. Be2 Ne5 39. Ne8+ Ke7 40. Nc7
Re4 41. Rd5 f3 42. Bxf3 Nxf3+ 43. Kf2 Re5 0-1

[Event "Amagermesterskabet 2015"]
[Site "Sundbyoster"]
[Date "2015.08.25"]
[Round "2"]
[White "Nielsen, Bjorn"]
[Black "Gade, Jens"]
[Result "1-0"]
[WhiteElo "1105"]
[BlackElo "1390"]
[PlyCount "75"]
[EventDate "2015.??.??"]

1. e4 e5 2. Nf3 Nc6 3. Be2 d6 4. O-O Nf6 5. d3 Be7 6. Nc3 O-O 7. a3 d5 8. exd5
Nxd5 9. Nxd5 Qxd5 10. c3 f5 11. Re1 Bd6 12. Qa4 Bd7 13. Qc4 Qxc4 14. dxc4 Rae8
15. b4 b6 16. a4 e4 17. Nd2 e3 18. fxe3 Rxe3 19. Bb2 Rfe8 20. Kf2 Bxh2 21. Nf3
Bd6 22. Rad1 Bc8 23. Rxd6 cxd6 24. Nd4 Bd7 25. Nxc6 Bxc6 26. b5 Bxg2 27. Ba3
Bh3 28. Bxd6 Bg4 29. Bxg4 Rxe1 30. Bf3 Rc1 31. Bd5+ Kh8 32. Bb4 Rc2+ 33. Kf3 g5
34. a5 Ree2 35. axb6 axb6 36. Bd6 Rf2+ 37. Kg3 Rfd2 38. Be5# 1-0

[Event "Amagermesterskabet 2015"]
[Site "Sundbyoster"]
[Date "2015.08.25"]
[Round "2"]
[White "Pedersen, Ole"]
[Black "Hellegaard, Dennis"]
[Result "0-1"]
[WhiteElo "1439"]
[BlackElo "1859"]
[PlyCount "40"]
[EventDate "2015.??.??"]

1. e4 Nf6 2. e5 Nd5 3. d4 d6 4. c4 Nb6 5. exd6 exd6 6. Nc3 Nc6 7. Nf3 Bg4 8. b3
Be7 9. Be2 O-O 10. O-O d5 11. c5 Nc8 12. Bf4 a6 13. a3 Bf6 14. Ne5 Bxe2 15.
Nxe2 N8e7 16. Qd3 Re8 17. Bg3 g6 18. Qf3 Nf5 19. Nc3 Nfxd4 20. Qxd5 Nxe5 0-1

[Event "Amagermesterskabet 2015"]
[Site "Sundbyoster"]
[Date "2015.08.25"]
[Round "2"]
[White "Rasmussen, Erik Elmer"]
[Black "Larsen, Ulrik Jejlskov"]
[Result "1-0"]
[WhiteElo "1066"]
[BlackElo "1531"]
[PlyCount "45"]
[EventDate "2015.??.??"]

1. e4 d5 2. exd5 Qxd5 3. Nc3 Qd8 4. f4 Nf6 5. Nf3 Bf5 6. Bc4 e6 7. a3 a5 8. d3
Bc5 9. Ne2 O-O 10. h3 h5 11. Ne5 Nc6 12. Nxc6 bxc6 13. c3 h4 14. d4 Bd6 15. Be3
Rb8 16. Qd2 Ne4 17. Qc1 Kh7 18. Bd3 Rg8 19. Qc2 Ng3 20. Nxg3 hxg3 21. Bxf5+
exf5 22. Qxf5+ Kh8 23. Qh5# 1-0

[Event "Amagermesterskabet 2015"]
[Site "Sundbyoster"]
[Date "2015.08.25"]
[Round "2"]
[White "Sorensen, Ole"]
[Black "Lunding, Peter M"]
[Result "0-1"]
[WhiteElo "1612"]
[BlackElo "1876"]
[PlyCount "78"]
[EventDate "2015.??.??"]

1. e4 e6 2. d3 c5 3. Nf3 Nc6 4. g3 g6 5. Bg2 Bg7 6. O-O Nge7 7. Nbd2 O-O 8. Re1
d6 9. c3 Qc7 10. Nf1 b6 11. Qe2 Ba6 12. Bf4 Rad8 13. h4 Ne5 14. Bxe5 dxe5 15.
Rad1 Rd7 16. Ne3 Rfd8 17. c4 Nc6 18. a3 Bb7 19. Bh3 Nd4 20. Nxd4 Rxd4 21. Nc2
R4d6 22. Qe3 Qd7 23. Bf1 a5 24. b3 f5 25. f3 Qe7 26. Qg5 Qf8 27. h5 Bh6 28. Qh4
g5 29. Qh2 g4 30. fxg4 Bxe4 31. Ne3 Bf3 32. gxf5 Bxd1 33. Nxd1 Qxf5 34. Qe2
Rxd3 35. Qxe5 Rxd1 36. Qxe6+ Qxe6 37. Rxe6 Kg7 38. Rxb6 Rf8 39. Rb7+ Kg8 0-1